000 00607cam a22002053a 4500
001 38680
003 PGUSA
005 20140828083843.0
008 120127s2012||||xxu|||||s|||||000 | eng d
040 _aPGUSA
_beng
042 _adc
100 1 _aWalsh, James J.
_q(James Joseph),
_d1865-1942
245 1 4 _aThe Thirteenth :
_bGreatest of Centuries
_h[electronic resource] /
_cJames J. Walsh
260 _bProject Gutenberg,
_c2012
506 _aPublic domain in the USA.
516 _aElectronic text
830 0 _aProject Gutenberg
_v38680
856 4 0 _uhttp://www.gutenberg.org/ebooks/38680
942 _cEB
999 _c267934
_d267934